000 00301nam a2200121Ia 4500
008 190216s9999||||xx |||||||||||||| ||und||
100 _a"Gupta S K,Agarwal N And Gupta N"
245 0 _aFinancial Markets And Institutions
260 _bKalyani Pub
300 _a13-14
650 _aCommerce
942 _cBK
999 _c6875
_d6875